| 000 | 00703nam a22002177a 4500 | ||
|---|---|---|---|
| 005 | 20250723153341.0 | ||
| 008 | 250723b |||||||| |||| 00| 0 eng d | ||
| 020 | _a978-1-84885-176-4 | ||
| 037 | _cTB | ||
| 040 |
_aAL _cAL |
||
| 041 |
_2eng _aeng |
||
| 084 |
_aX8(J).2 Q0 _qTB |
||
| 100 |
_aScholten, Bruce A. _9465824 |
||
| 245 | _aIndia's white revolution: operation flood food aid and development | ||
| 260 |
_aLondon, UK: _bI.B. Tauris, _c2010. |
||
| 300 | _axv,307p. | ||
| 365 |
_b1995.00 _cINR |
||
| 650 | _2ECONOMICS | ||
| 942 |
_2CC _cTB _hX8(J).2 Q0 _n0 |
||
| 999 |
_c1434217 _d1434217 |
||